Fortnite - lokacje rozdział 1 sezony 1-6 - Statystyki

Ogólne statystyki
  • Ten quiz został rozwiązany 534 razy
    154 od ostatniego zresetowania
  • Średni wynik to 10 z 25
Statystyki odpowiedzi
Sezon Lokacja % Poprawnych
2-6 Wykrzywione Wieże
86%
1-6 Przyjemny Park
72%
1-6 Sklepowa Sadyba
64%
1-6 Słone Strzechy
57%
1-6 Lepki Lasek
50%
2-6 Butny Brzeg
47%
4-6 Wypasiona Wyrwa
46%
1-6 Płacząca Puszcza
41%
1-4 Akry Anarchii
40%
3-6 Pagody Pomyślności
40%
1-6 Zalew Zdobyczy
39%
1-6 Zgubne Ziemie
39%
1-3 Stęchły Skład
38%
5-6 Oaza Odpoczynku
36%
5-6 Golfowe Gniazdko
35%
1-4 Mokre Moczary
33%
2-6 Rozdróża Rupieci
32%
1-6 Spawalnia Spłuczek
32%
4-6 Karkołomne Kino
31%
2-6 Szemrane Szyby
31%
2-6 Widmowe Wzgórza
28%
1-6 Samotne Schronisko
25%
1-5 Pomidorowy Przysiółek
21%
5-6 Pomidorowy Przybytek
6%
6 Zalew Zacieków
3%
Nie znaleziono quizów pasujących do podanych kryteriów
Rozkład punktacji
Procent ludzi z każdym wynikiem
Percentyl według liczby udzielonych odpowiedzi
Twoja historia wyników
Nie rozwiązałeś tego quizu od ostatniego zresetowania